| 000 | 00408nam a2200169Ia 4500 | ||
|---|---|---|---|
| 003 | GCL | ||
| 040 |
_aGCL / _cGCL |
||
| 082 | 0 | 4 |
_aCC _b932.033 _bS A |
| 100 | 1 | _aSCHAEFFER, CARE | |
| 245 | 1 | 0 |
_aMAENOPHIS IV / _cSCHAEFFER, CARE |
| 260 |
_a[S.N] : _bBUCHDRUCKEREI CAVE KATSCHER ، _c1964 |
||
| 300 | _a64 P | ||
| 650 | 0 | 4 | _aANCIENT EGYPT |
| 650 | 0 | 4 | _aEGYPTOLOGY |
| 650 | 0 | 4 | _aAMENOPHIS IV |
| 942 |
_2ddc _cBK |
||
| 999 |
_c12036 _d12036 |
||